| 000 -LEADER |
| fixed length control field |
00563nam a2200229Ia 4500 |
| 003 - CONTROL NUMBER IDENTIFIER |
| control field |
OSt |
| 005 - DATE AND TIME OF LATEST TRANSACTION |
| control field |
20250908165420.0 |
| 008 - FIXED-LENGTH DATA ELEMENTS--GENERAL INFORMATION |
| fixed length control field |
200302s9999 xx 000 0 und d |
| 020 ## - INTERNATIONAL STANDARD BOOK NUMBER |
| International Standard Book Number |
978-8857204727 |
| 040 ## - CATALOGING SOURCE |
| Original cataloging agency |
BMSCA |
| 041 ## - LANGUAGE CODE |
| Language code of text/sound track or separate title |
Eng |
| 082 04 - DEWEY DECIMAL CLASSIFICATION NUMBER |
| Edition number |
23rd |
| Classification number |
724.7 MOL |
| Item number |
Mos |
| 100 1# - MAIN ENTRY--PERSONAL NAME |
| Personal name |
Valerio Paolo Mosco |
| 245 10 - TITLE STATEMENT |
| Title |
Naked Architecture |
| 260 ## - PUBLICATION, DISTRIBUTION, ETC. (IMPRINT) |
| Name of publisher, distributor, etc |
Skira Published: |
| Place of publication, distribution, etc |
Italy, |
| Date of publication, distribution, etc |
2012. |
| 260 ## - PUBLICATION, DISTRIBUTION, ETC. (IMPRINT) |
| Date of publication, distribution, etc |
2012 |
| 300 ## - PHYSICAL DESCRIPTION |
| Extent |
319 |
| Dimensions |
6.66 x 1.05 x 8.53 cm. |
| 500 ## - GENERAL NOTE |
| General note |
It includes illustrations |
| 504 ## - BIBLIOGRAPHY, ETC. NOTE |
| Bibliography, etc |
313p. |
| 650 #7 - SUBJECT ADDED ENTRY--TOPICAL TERM |
| Topical term or geographic name as entry element |
Architecture |
| 942 ## - ADDED ENTRY ELEMENTS (KOHA) |
| Source of classification or shelving scheme |
|